| 000 | 00397nam a22001457a 4500 | ||
|---|---|---|---|
| 003 | SGT | ||
| 082 |
_a615 _bR24V |
||
| 100 | _aVARSHNEY, NIKITA | ||
| 245 | _aREDUCING INSPECTION REJECTION OF INDIAN PHARMACEUTICAL AND MANUFACTURING INDUSTRY BY USFDA: UNLOCKING STRATEGIES | ||
| 260 |
_aGURUGRAM _bSGT UBIVERSITY _c2024 |
||
| 300 | _a86 | ||
| 650 | _aPHARMACY | ||
| 653 | _aPHD | ||
| 942 |
_2ddc _cTH |
||
| 999 |
_c32478 _d32478 |
||